00673nam a2200241 a 4500001001300000003000900013005001700022008004100039020001000080082001300090100002400103245003700127260003800164300000900202500003500211505001300246650001300259700002400272902000800296942000700304952010500311999001500416nice12345678IN_TiNIC20260116012012.0050524s1919 newa grp 000 0 eng  ac10000a230bMAC aMaqcintosh, D Clyde aTheology as an Empirical Science aNew YorkbMacmillan Companyc1919 a270p aincludes index and biblioraphy2 aAppendix aTheology1 aMaqcintosh, D Clyde bSRS cBK 00104070aHMIbHMId2007-08-01g100.00l1o230 MACp8870r2018-07-04s2018-07-04w2026-01-16yARB c5239d5239